Diccionario de mercadotecnia / Guy Serraf (Registro nro. 13006)
[ vista simple ]
| 000 -LÍDER | |
|---|---|
| fixed length control field | 00459nam a2200169 4500 |
| 008 - ELEMENTOS DE LONGITUD FIJA -- INFORMACIÓN GENERAL | |
| fixed length control field | 02000 1988 0 000 0MEX |
| 020 ## - NÚMERO INTERNACIONAL NORMALIZADO PARA LIBROS | |
| ISBN | 968-24-6093-X |
| 050 ## - SIGNATURA TOPOGRAFICA DE LA BIBLIOTECA DEL CONGRESO (LC) | |
| Número de Clasificación | HF5412 S43 2000 |
| 082 ## - NUMERO DE CLASIFICACION DECIMAL DEWEY | |
| Número de Clasificación | 658.8 S767d |
| 100 ## - ASIENTO PRINCIPAL--NOMBRE PERSONAL | |
| Nombre personal | Serraf, Guy |
| 245 ## - TÍTULO | |
| Título | Diccionario de mercadotecnia / Guy Serraf |
| 250 ## - MENCIÓN DE EDICIÓN | |
| Mención de edición | 2 |
| 260 ## - PUBLICACIÓN, DISTRIBUCIÓN, ETC. (PIE DE IMPRENTA) | |
| Lugar de publicación, distribución, etc. | México : Trillas |
| 300 ## - DESCRIPCIÓN FÍSICA | |
| Extensión | 264 p. / 23 cm. |
| 500 ## - NOTA GENERAL | |
| Nota general | Libro solo de consulta. |
| 650 ## - ASIENTO SECUNDARIO DE MATERIA - TERMINO TEMÁTICO | |
| Término temático o nombre geográfico como elemento de entrada | 1.MERCADOTECNIA-DICCIONARIOS |
| No. biblioteca | No. biblioteca | Número de clasificación | Código de barras/Número de adquisición | Número de copia | Tipo de material |
|---|---|---|---|---|---|
| LUIS G. INCLAN | LUIS G. INCLAN | 658.8 S767d | 38989 | 1 | Libros |
| LUIS G. INCLAN | LUIS G. INCLAN | 658.8 S767d | 38990 | 2 | Libros |
| LUIS G. INCLAN | LUIS G. INCLAN | 658.8 S767d | 41520 | 3 | Libros |
| LUIS G. INCLAN | LUIS G. INCLAN | 658.8 S767d | 41521 | 4 | Libros |
| LUIS G. INCLAN | LUIS G. INCLAN | 658.8 S767d | 42471 | 5 | Libros |
| LUIS G. INCLAN | LUIS G. INCLAN | 658.8 S767d | 42472 | 6 | Libros |
| LUIS G. INCLAN | LUIS G. INCLAN | 658.8 S767d | 42473 | 7 | Libros |
| LUIS G. INCLAN | LUIS G. INCLAN | 658.8 S767d | 42474 | 8 | Libros |
| LUIS G. INCLAN | LUIS G. INCLAN | 658.8 S767d | 43373 | 9 | Libros |
| LUIS G. INCLAN | LUIS G. INCLAN | 658.8 S767d | 44052 | 10 | Libros |
| LUIS G. INCLAN | LUIS G. INCLAN | 658.8 S767d | 44053 | 11 | Libros |
| LUIS G. INCLAN | LUIS G. INCLAN | 658.8 S767d | 45000 | 12 | Libros |
| LUIS G. INCLAN | LUIS G. INCLAN | 658.8 S767d | 45001 | 13 | Libros |
